Countries That Start With The Same 3 Letters - Statistics

General Stats
  • This quiz has been taken 6,802 times
    4,403 since last reset
  • The average score is 34 of 53
Answer Stats
Country % Correct
United States
90%
United Kingdom
89%
South Korea
88%
South Africa
85%
South Sudan
85%
United Arab Emirates
85%
Australia
84%
Austria
84%
Iran
80%
Iraq
80%
North Korea
79%
India
78%
Indonesia
78%
China
74%
Chile
72%
North Macedonia
72%
Belgium
70%
Mali
70%
Turkey
68%
Turkmenistan
68%
Guinea
67%
Guinea-Bissau
66%
Belarus
65%
Malaysia
65%
Niger
65%
Nigeria
65%
Norway
65%
Dominica
63%
Dominican Republic
63%
Malawi
63%
Maldives
63%
Saint Kitts and Nevis
62%
Saint Lucia
62%
Saint Vincent and the Grenadines
61%
Slovakia
60%
Slovenia
60%
Belize
59%
Cambodia
58%
Cameroon
57%
Malta
57%
Mauritania
56%
Monaco
56%
Mauritius
55%
Montenegro
55%
Mongolia
54%
Liberia
50%
Libya
50%
Bahrain
49%
Bahamas
48%
Burundi
39%
Burkina Faso
37%
Greece
37%
Grenada
37%
No matching quizzes found
Score Distribution
Percent of People with Each Score
Percentile by Number Answered
Your Score History
You have not taken this quiz since the last reset